The cambridge companion to kant / (Record no. 14669)
[ view plain ]
| 000 -LEADER | |
|---|---|
| fixed length control field | 00623pam a2200217 a 4500 |
| 001 - CONTROL NUMBER | |
| control field | TB12408 |
| 003 - CONTROL NUMBER IDENTIFIER | |
| control field | IN-BhIIT |
| 005 - DATE AND TIME OF LATEST TRANSACTION | |
| control field | 20251202125447.0 |
| 008 - FIXED-LENGTH DATA ELEMENTS--GENERAL INFORMATION | |
| fixed length control field | 910528s1992 enk b 001 0 eng |
| 020 ## - INTERNATIONAL STANDARD BOOK NUMBER | |
| ISBN | 9780521367684 (PBK) |
| 040 ## - CATALOGING SOURCE | |
| Original cataloging agency | IN-BhIIT |
| 041 ## - LANGUAGE CODE | |
| Language code of text | eng |
| 082 00 - DEWEY DECIMAL CLASSIFICATION NUMBER | |
| Classification number | 193 |
| Book number | GUY/C |
| 245 04 - TITLE STATEMENT | |
| Title | The cambridge companion to kant / |
| Statement of responsibility, etc | edited by Paul Guyer. |
| 260 ## - PUBLICATION, DISTRIBUTION, ETC. (IMPRINT) | |
| Place of publication | New York : |
| Name of publisher | Cambridge University Press, |
| Year of publication | 1992. |
| 300 ## - PHYSICAL DESCRIPTION | |
| Number of Pages | xii, 482 p. ; |
| Dimensions(size) | 23 cm. |
| 504 ## - BIBLIOGRAPHY, ETC. NOTE | |
| Bibliography, etc | Includes bibliographical references and index. |
| 650 ## - SUBJECT ADDED ENTRY--TOPICAL TERM | |
| Topical Term | Philosophy |
| 700 1# - ADDED ENTRY--PERSONAL NAME | |
| Personal name | Guyer, Paul, |
| Relator term | Editor |
| 942 ## - ADDED ENTRY ELEMENTS (KOHA) | |
| Koha item type | Text Book |
| Koha issues (borrowed), all copies | 1 |
| Withdrawn status | Lost status | Damaged status | Not for loan | Collection code | Home library | Current library | Date acquired | Source of acquisition | Cost, normal purchase price | Full call number | Accession Number | Cost, replacement price | Price effective from | Koha item type |
|---|---|---|---|---|---|---|---|---|---|---|---|---|---|---|
| Not withdrawn | Not Lost | not damaged | SHSSM | Central Library, IIT Bhubaneswar | Central Library, IIT Bhubaneswar | 21/02/2025 | 31 | 2743.29 | 193 GUY/C | TB12408 | 3757.93 | 21/02/2025 | Text Book |